01633nam a2200409Ia 4500001001200000003000800012006001900020007001500039008004100054020002600095020002300121020002500144020002200169020002700191040002100218035002100239050002900260082002100289100002500310245010600335250001200441260003500453300002500488490005300513500006100566504005100627533015200678650003800830650004800868650002900916650003300945655002900978710001701007830005401024856012601078999001901204ebr10424569CaPaEBRm u cr cn|||||||||090707s2010 enka sb 001 0 eng d z9781845113124 (cased) z1845113128 (cased) z9781845113131 (pbk.) z1845113136 (pbk.) z9781848852433 (series) aCaPaEBRcCaPaEBR a(OCoLC)67043011914aPN1993.5.I86bS46 2010eb04a791.430956942221 aShohat, Ella,d1959-10aIsraeli cinemah[electronic resource] :bEast/West and the politics of representation /cElla Shohat. aNew ed. aLondon :bI. B. Tauris,c2010. aviii, 377 p. :bill.1 aLibrary of modern Middle East studies ;v[v. 78] aPrevious ed. : Austin : University of Texas Press, 1989. aIncludes bibliographical references and index. aElectronic reproduction.bPalo Alto, Calif. :cebrary,d2011.nAvailable via World Wide Web.nAccess may be limited to ebrary affiliated libraries. 0aMotion pictureszIsraelxHistory. 0aMotion picturesxPolitical aspectszIsrael. 0aPopular culturezIsrael. 0aPolitics in motion pictures. 7aElectronic books.2local2 aebrary, Inc. 0aLibrary of modern Middle East studies ;v[v. 78].40uhttp://site.ebrary.com/lib/rucke/Doc?id=10424569zAn electronic book accessible through the World Wide Web; click to view c143184d143184